| 000 | 00512nam a2200229Ia 4500 | ||
|---|---|---|---|
| 008 | 210210b1882 xxu||||| |||| 00| 0 eng d | ||
| 041 | _aeng | ||
| 082 | _a230/173 | ||
| 100 | _aFEW PLEASANT NIGHTS | ||
| 245 | _aFew pleasant nights at Mr.Rans Vol.1 | ||
| 260 |
_aMangalore _bCodial Bail Press _c1882 |
||
| 300 | _a183 | ||
| 440 | _a1 | ||
| 650 | _aVol.1 | ||
| 650 | _apleasant | ||
| 650 | _anights | ||
| 650 | _aMr.Rans | ||
| 650 | _aFew | ||
| 650 | _aat | ||
| 690 | _aReligion | ||
| 906 | _a001409 | ||
| 999 |
_c116204 _d116204 |
||